Mapless European Capitals Armageddon! Quiz Stats

 Plays Quiz Updated Apr 27, 2018

Challenge
Share
Tweet
Embed
Score 0/47 Timer 01:00
6 Plays Today
% Correct
Luxembourg
97.3%
Brussels
97%
Paris
97%
London
96.7%
Amsterdam
95.4%
Ljubljana
92.8%
Prague
87.5%
San Marino
84.8%
Monaco
84.6%
Copenhagen
84.1%
Dublin
82.7%
Bern
81.7%
Belgrade
81.2%
Skopje
80.2%
Vatican City
79.5%
Rome
79.5%
Zagreb
77.4%
Riga
76.9%
Bratislava
75.9%
Budapest
75.9%
Berlin
75.9%
Sarajevo
75.4%
Andorra la Vella
73.9%
Oslo
73.8%
% Correct
Vienna
73.5%
Minsk
72.5%
Stockholm
72%
Helsinki
72%
Tallinn
72%
Madrid
70.9%
Moscow
69.2%
Sofia
65.1%
Pristina
64.1%
Vilnius
64.1%
Podgorica
61.8%
Athens
61.7%
Vaduz
60.6%
Bucharest
59.7%
Tirana
59.4%
Warsaw
52.8%
Lisbon
51.8%
Kyiv
50.2%
Chisinau
48.6%
Reykjavik
36%
Ankara
35.4%
Valletta
25.3%
Nicosia
25.2%

You're not logged in!

Compare scores with friends on all Sporcle quizzes.
Join for Free
OR
Log In

You Might Also Like...

Show Comments

Extras

Top Quizzes Today


Score Distribution

Your Account Isn't Verified!

In order to create a playlist on Sporcle, you need to verify the email address you used during registration. Go to your Sporcle Settings to finish the process.

Report this User

Report this user for behavior that violates our Community Guidelines.

Details: